Library Banner

Usool-e-faarsi (Urdu+Persian) (Record no. 41436)

MARC details
000 -LEADER
fixed length control field 00461nam a2200181Ia 4500
001 - CONTROL NUMBER
control field 43426
008 - FIXED-LENGTH DATA ELEMENTS--GENERAL INFORMATION
fixed length control field 140425s9999 xx 000 0 und d
020 ## - INTERNATIONAL STANDARD BOOK NUMBER
International Standard Book Number NA
040 ## - CATALOGING SOURCE
Transcribing agency PK-LaUMT
082 ## - DEWEY DECIMAL CLASSIFICATION NUMBER
Classification number RHC 891.555
Item number ALT-U
100 ## - MAIN ENTRY--PERSONAL NAME
Personal name Altaf Hussain Hali
245 ## - TITLE STATEMENT
Title Usool-e-faarsi (Urdu+Persian)
Statement of responsibility, etc Altaf Hussain Hali
260 ## - PUBLICATION, DISTRIBUTION, ETC. (IMPRINT)
Place of publication, distribution, etc Lahore,Pakistan:
Name of publisher, distributor, etc Majlas-e-Taraqi Adab,
Date of publication, distribution, etc 2009
300 ## - PHYSICAL DESCRIPTION
Extent 261 p.
546 ## - LANGUAGE NOTE
Language note UR
650 ## - SUBJECT ADDED ENTRY--TOPICAL TERM
Topical term or geographic name as entry element Persian grammar
942 ## - ADDED ENTRY ELEMENTS (KOHA)
Koha item type Books
Holdings
Withdrawn status Lost status Damaged status Not for loan Home library Current library Date acquired Total Checkouts Full call number Barcode Checked out Date last seen Date checked out Price effective from Koha item type
        UMT Main Campus UMT Main Campus 2014-04-25 1 RHC 891.555 ALT-U 47069 2019-12-26 2019-12-12 2019-12-12 2014-05-06 Books